This is painted desert, (Запис № 556982)

МАРК-запис
000 -LEADER
fixed length control field 01244cam a2200289 4500
001 - CONTROL NUMBER
control field thisispainteddes00wagorich
003 - CONTROL NUMBER IDENTIFIER
control field CaSfIA
005 - DATE AND TIME OF LATEST TRANSACTION
control field 20210119102527.0
007 - PHYSICAL DESCRIPTION FIXED FIELD--GENERAL INFORMATION
fixed length control field cr||||
008 - FIXED-LENGTH DATA ELEMENTS--GENERAL INFORMATION
fixed length control field 711027s1971 azua 000 0 eng
010 ## - LIBRARY OF CONGRESS CONTROL NUMBER
LC control number 76157463
040 ## - CATALOGING SOURCE
Original cataloging agency DLC
Transcribing agency DLC
Modifying agency BTCTA
-- CaSfIA
035 ## - SYSTEM CONTROL NUMBER
System control number (OCoLC)199971
043 ## - GEOGRAPHIC AREA CODE
Geographic area code n-us-az
050 00 - LIBRARY OF CONGRESS CALL NUMBER
Classification number F817.P2
Item number W3
082 00 - DEWEY DECIMAL CLASSIFICATION NUMBER
Classification number 917.91/33
100 1# - MAIN ENTRY--PERSONAL NAME
Personal name Wagoner, John J.
245 10 - TITLE STATEMENT
Title This is painted desert,
Medium [electronic resource]
Statement of responsibility, etc by John J. Wagoner.
260 ## - PUBLICATION, DISTRIBUTION, ETC. (IMPRINT)
Place of publication, distribution, etc Holbrook, Ariz.,
Name of publisher, distributor, etc Petrified Forest Museum Association
Date of publication, distribution, etc [1971]
300 ## - PHYSICAL DESCRIPTION
Extent [32] p.
Other physical details col. illus.
Dimensions 31 cm.
506 ## - RESTRICTIONS ON ACCESS NOTE
Standardized terminology for access restriction Необхідна авторизація на https://archive.org/ (створення облікового запису безкоштовно)
506 ## - RESTRICTIONS ON ACCESS NOTE
Standardized terminology for access restriction Необхідна авторизація на https://openlibrary.org/ (створення облікового запису безкоштовно)
651 #0 - SUBJECT ADDED ENTRY--GEOGRAPHIC NAME
Geographic name Painted Desert (Ariz.)
856 41 - ELECTRONIC LOCATION AND ACCESS
Uniform Resource Identifier <a href="http://www.archive.org/details/thisispainteddes00wagorich">http://www.archive.org/details/thisispainteddes00wagorich</a>
Public note Free eBook from the Internet Archive
856 42 - ELECTRONIC LOCATION AND ACCESS
Uniform Resource Identifier <a href="http://www.openlibrary.org/books/OL4917504M">http://www.openlibrary.org/books/OL4917504M</a>
Public note Additional information and access via Open Library
942 ## - ADDED ENTRY ELEMENTS (KOHA)
Koha item type ЕКнига

Немає доступних примірників.